| 000 | 01552nam a2200361 c 4500 | ||
|---|---|---|---|
| 003 | BLK | ||
| 005 | 20180422111946.0 | ||
| 008 | 180409b bul|||||r ||||||| ||bul|| | ||
| 010 | _aKNG00142200000 | ||
| 020 |
_a978-954-26-0973-5 _bиздат.: Хермес |
||
| 040 | _aBLK | ||
| 041 |
_aBUL _cBUL |
||
| 072 | 7 |
_2bullib _aН85 _xДетска художествена литература Н |
|
| 080 |
_aЛитература на отделни езици и езикови семейства _b821 _x-93-91 _z821-93-91 |
||
| 080 |
_aИздания за деца и юноши. Книжки-картинки. Читанки. Вж и 372.4 _b087.5 _x _z087.5 |
||
| 700 | 1 |
_aБалтова, Ивелина Божидарова _eпрев. от англ. _9370230 |
|
| 139 |
_aЗабавна книжка за сезоните _bЗ 12 |
||
| 245 | 1 | 0 |
_aЗабавна книжка за сезоните _bЛято _cпрев. от англ. Ивелина Божидарова Балтова. |
| 257 | _aIND | ||
| 260 |
_аПловдив _bХермес _c2011 _fОтпеч. в Индия |
||
| 300 |
_a8 с. _bс цв. ил. _c27 см _e2 л. цв. стикери |
||
| 380 | _aDX | ||
| 500 | _aОриг. загл. Fun With Seasons. - Кор. опис. | ||
| 653 | _aкнижки-картинки | ||
| 653 | _aадаптирани книги | ||
| 653 | _aкниги-игри | ||
| 659 | _aН | ||
| 852 | _aЦб ІІ 17836 | ||
| 856 | 4 |
_qpdf _u |
|
| 856 | 4 |
_qpdf _u |
|
| 942 |
_cKNG _n0 |
||
| 944 |
_aCR _c18.04.2013 _kМилена_Ачева |
||
| 944 |
_aED _c26.09.2013 _k |
||
| 999 |
_c136260 _d136260 |
||